Statistiques concernant Tous les clubs ayant participé à au moins une phase finale de Ligue des Champions depuis 1992-1993

Cliquez ici pour prendre le quiz!

Statistiques générales

  • Ce quiz a été pris 1 380 fois
  • Le résultat moyen est 67 sur 134

Statistiques - réponses

PaysClub% Correct
AllemagneBV 09 Borussia Dortmund
95%
FranceParis Saint-Germain FC
93%
AllemagneFC Bayern München
91%
AngleterreManchester United FC
91%
FranceOlympique de Marseille
90%
EspagneReal Madrid CF
90%
AngleterreManchester City FC
89%
AngleterreLiverpool FC
88%
FranceOlympique Lyonnais
88%
FranceLille OSC
87%
ItalieAC Milan
85%
AngleterreChelsea FC
84%
EspagneFC Barcelona
84%
EspagneClub Atlético de Madrid
82%
ItalieFC Internazionale Milano
82%
EspagneReal Betis Balompié
82%
EspagneSevilla FC
80%
FranceAS Monaco FC
79%
ItalieAS Roma
79%
FranceFC Girondins de Bordeaux
79%
ItalieSS Lazio
79%
AngleterreArsenal FC
78%
Pays-BasAFC Ajax
77%
PortugalFC Porto
76%
AngleterreTottenham Hotspur FC
76%
ÉcosseCeltic FC
75%
ItalieJuventus FC
75%
Pays-BasPSV Eindhoven
73%
ÉcosseRangers FC
73%
FranceFC Nantes
72%
FranceRC Lens
72%
FranceMontpellier HSC
71%
GrèceOlympiakós SF Pireós
71%
PortugalSL Benfica
71%
ItalieSSC Napoli
71%
BelgiqueRSC Anderlecht
70%
EspagneValència CF
70%
BelgiqueClub Brugge KV
69%
Pays-BasFeyenoord Rotterdam
69%
AllemagneTSV Bayer 04 Leverkusen
69%
FranceAJ Auxerre
67%
EspagneReal Sociedad de Fútbol
67%
DanemarkFC København
65%
TurquieGalatasaray SK
65%
AutricheSK Rapid Wien
65%
PortugalSporting Clube de Portugal
65%
AllemagneFC Schalke 04
63%
RussieFK Lokomotiv Moskva
63%
ChypreAPOE Lefkosías
62%
RussieFK Zenit Sankt-Peterburg
62%
GrèceAE Konstantinoupóléos
61%
UkraineDynamo Kyiv
61%
RussieFK CSKA Moskva
61%
AngleterreLeicester City FC
61%
GrècePanathinaïkós AO
61%
PortugalSC Braga
61%
EspagneAthletic Club Bilbao
60%
TurquieBeşiktaş JK
57%
CroatieGNK Dinamo Zagreb
57%
AngleterreLeeds United FC
57%
AutricheFK Austria Wien
56%
AngleterreNewcastle United FC
56%
EspagneRCD La Coruña
56%
AutricheSV Austria Salzburg
56%
RussieFK Spartak Moskva
55%
République TchèqueAC Sparta Praha
52%
AllemagneHamburger SV
52%
RoumanieFC Steaua Bucureşti
51%
TurquieFenerbahçe SK
51%
IsraëlMaccabi Tel-Aviv FC
51%
SuèdeMalmö FF
51%
AllemagneSV Werder Bremen
51%
AllemagneVfL Wolfsburg
51%
ItalieAC Fiorentina
50%
AllemagneVfB Stuttgart
50%
SuisseFC Basel
49%
République TchèqueSK Slavia Praha
48%
BelgiqueKRC Genk
47%
BelgiqueRoyal Standard de Liège
47%
FinlandeHelsingin JK
46%
Pays-BasAlkmaar Zaanstreek
45%
AllemagneBorussia VfL Mönchengladbach
45%
PologneKP Legia Warszawa
45%
ItalieParma AC
44%
UkraineFK Chakhtar Donetsk
43%
BelgiqueKAA Gent
42%
BulgariePFK Levski Sofia
42%
SuisseFC Zürich
41%
EspagneMálaga CF
41%
SuisseGrasshopper Club Zürich
40%
AllemagneHertha BSC
40%
SerbieFK Partizan
39%
KazakhstanFK Astana
37%
EspagneRC Celta de Vigo
34%
IsraëlMaccabi Haïfa FC
33%
CroatieHNK Hajduk Split
31%
SlovaquieFC Artmedia Bratislava
29%
RoumanieCFR 1907 Cluj
28%
BulgariePFC Ludogorets Razgrad
27%
NorvègeRosenborg BK
27%
Pays-BasFC Twente
25%
EspagneVillarreal CF
25%
AngleterreBlackburn Rovers FC
24%
AllemagneFC Kaiserslautern
24%
ItalieUdinese Calcio
24%
BiélorussieFK BATE Borisov
23%
AutricheSK Sturm Graz
23%
République TchèqueFC Viktoria Plzeň
22%
RussieFK Rubin Kazan
22%
SuèdeIFK Göteborg
22%
PortugalBoavista FC
21%
TurquieTrabzonspor Külübu
21%
HongrieFerencváros TC
19%
EspagneRCD Mallorca
16%
PologneKS Widzew Łódź
15%
DanemarkBrøndbyernes IF
14%
RussieFK Rostov
14%
SlovénieNK Maribor
13%
SuèdeAIK Fotboll
12%
NorvègeMolde FK
12%
DanemarkAalborg BK
11%
TurquieBursaspor
9%
HongrieDebrecen VSC
9%
ChypreAnorthosis Ammóchostos FC
8%
RoumanieFC Oţelul Galaţi
8%
SuisseFC Thun
8%
Pays-BasWillem II Tilburg
8%
SlovaquieMŠK Žilina
7%
Pays-BasSC Heerenveen
7%
DanemarkFC Nordsjælland
6%
SuèdeHelsingborgs IF
5%
BelgiqueLierse SK
5%
RoumanieFC Unirea Urziceni
3%
SlovaquieFC Košice
2%

Distribution des résultats

Percentile par nombre de réponses

% des personnes avec chaque résultat

Votre développement - résultats

Vous n’avez pas pris ce quiz